Hippo in the garden. (Record no. 17120)

000 -LEADER
fixed length control field 00473nam a2200169 a 4500
001 - CONTROL NUMBER
control field :::00020843$&:&@@
003 - CONTROL NUMBER IDENTIFIER
control field OkBaRHE
005 - DATE AND TIME OF LATEST TRANSACTION
control field 20040120213144.0
008 - FIXED-LENGTH DATA ELEMENTS--GENERAL INFORMATION
fixed length control field s1993 j 000 0 eng u
040 ## - CATALOGING SOURCE
Transcribing agency
100 1# - MAIN ENTRY--PERSONAL NAME
Personal name Ryle, James
245 10 - TITLE STATEMENT
Title Hippo in the garden.
260 ## - PUBLICATION, DISTRIBUTION, ETC. (IMPRINT)
Place of publication, distribution, etc Orlando, FL
Name of publisher, distributor, etc Creation House
Date of publication, distribution, etc 1993
300 ## - PHYSICAL DESCRIPTION
Extent 293 p.
942 ## - ADDED ENTRY ELEMENTS (KOHA)
Source of classification or shelving scheme
Koha item type Books
Copies
Damaged status Source of classification or shelving scheme Barcode Date last seen Date acquired Price effective from Koha item type Full call number Copy number Not for loan Lost status Permanent Location Withdrawn status Shelving location
  208432010-04-142010-04-142010-04-14BooksBV 5091 .R4941  RHEMA Bible Training College General Stacks